Introducción a la lógica.

Guardat en:
Dades bibliogràfiques
Autor principal: Copi, Irving M (autor)
Altres autors: Cohen, Carl (autor)
Format: Desconegut
Publicat: Ciudad de México, México: Limusa, 2021.
Edició:Segunda edición de Limusa en español.
Matèries:
Etiquetes: Afegir etiqueta
Sense etiquetes, Sigues el primer a etiquetar aquest registre!

MARC

LEADER 00000 a2200000 4500
003 CL-VaPUC
005 20240819143939.0
008 231222t2021 ||||| |||| 00| 0 eng d
999 |c 442598  |d 442596 
020 |a 9786070503252 
040 |c Pontificia Universidad Católica de Valparaíso 
082 7 |a 160 COP 2021  |2 22 
100 |a Copi, Irving M  |9 245662  |e autor 
245 |a Introducción a la lógica. 
250 |a Segunda edición de Limusa en español.  
260 |a Ciudad de México, México:  |b Limusa,  |c 2021. 
300 |a xxix, 808 páginas.  
583 |k GC  |c 20231222 
650 |a Lógica   |9 256849  |x Lógica informal  |x Lógica clásica  |x Lógica moderna 
650 0 |a Silogismos  |9 342142 
650 0 |a Raciocinio  |9 391265 
700 |a Cohen, Carl  |9 605097  |e autor 
942 |2 ddc  |c BK 
952 |0 0  |1 0  |2 ddc  |4 0  |6 160_000000000000000_COP_2021  |7 0  |8 A  |9 593043  |a BIBTEO  |b BIBTEO  |d 2023-12-22  |e 13  |g 89298.00  |i 5659948  |o 160 COP 2021  |p 5659948  |r 2025-01-17  |t 2  |v 89298.00  |w 2023-12-22  |y BK  |k ICR 
952 |0 0  |1 0  |2 ddc  |4 0  |6 160_000000000000000_COP_2021  |7 0  |8 A  |9 593044  |a BIBTEO  |b BIBTEO  |d 2023-12-22  |e 13  |g 89298.00  |i 5659947  |l 3  |o 160 COP 2021  |p 5659947  |r 2025-01-17  |s 2024-04-11  |t 1  |v 89298.00  |w 2023-12-22  |y BK  |k ICR